|
|
|
|
| LEADER |
00000cas a2200000 a 4500 |
| 001 |
vtls010066993 |
| 003 |
SK-MaSNL |
| 005 |
20260228164224.0 |
| 008 |
100219d19uu19uuxo u|p 0 0slo |
| 040 |
|
|
|a SNK
|b slo
|c SNK
|e AACR2
|
| 041 |
0 |
|
|a slo
|
| 044 |
|
|
|a xo
|c SK
|
| 072 |
|
7 |
|a 52
|x Astronómia. Geodézia
|2 konspekt
|
| 080 |
|
|
|a 52
|2 2011
|
| 080 |
|
|
|a 050
|2 2011
|
| 080 |
|
|
|a (051)-027.561
|2 2011
|
| 245 |
0 |
0 |
|a Astronomický spravodaj
|
| 260 |
|
|
|a Nitra
|b Okresné osvetové stredisko
|
| 300 |
|
|
|a zv.
|
| 650 |
0 |
7 |
|a astronómia
|2 SNKPH
|9 730
|
| 655 |
|
7 |
|a odborné časopisy
|2 SNKPH
|9 70505
|
| 910 |
|
|
|a snk
|
| 999 |
|
|
|c 12759
|d 14689
|
| 952 |
|
|
|0 0
|1 0
|4 0
|7 0
|a SNK
|b SNK
|d 2010-02-19
|i snkČSP 4726/89
|l 0
|o snkČSD 1664/2/1986
|p 17A0648408
|r 2026-02-21 19:42:50
|t č. 1-2
|w 2026-02-21
|y PREZ
|